000 00794nam a22002417a 4500
999 _c264631
_d264630
003 OSt
005 20241029151858.0
008 241029b xxu||||| |||| 00| 0 eng d
010 _a2012286573
020 _a1465414304
020 _a9781465414304
040 _cDLC
050 _aPZ7
_b.G1763 2013
100 _a Gardner, Charlie.
245 _a Snowy animals /
_c [text, Charlie Gardner ; design, Susan Calver].
260 _a New York :
_b DK Publishing,
_c 2013
300 _a1 v. (unpaged) :
_b col. ill. ;
_c16 cm.
490 _a Who am I?
500 _a"Packed with peepholes and simple facts, this intriguing guessing-game book makes learning about snowy animals fun!"--Back cover.
650 _aAnimals
_vJuvenile fiction.
830 _a DK who am I?
942 _2lcc
_cBK